Driest U.S. States - Statistics

General Stats
  • This quiz has been taken 16 times
  • The average score is 13 of 15
Answer Stats
Answer Total Rainfall in Inches % Correct
Arizona 9.82
100%
California 23.23
100%
Nevada 9.41
100%
Colorado 16.05
93%
Montana 20.04
93%
New Mexico 12.46
93%
Idaho 23.13
87%
North Dakota 19.85
87%
Oregon 29.13
87%
South Dakota 23.28
87%
Texas 25.98
87%
Utah 10.40
87%
Nebraska 24.33
80%
Wyoming 16.28
73%
Minnesota 26.55
33%
No matching quizzes found
Score Distribution
Percent of People with Each Score
Percentile by Number Answered
Your Score History
You have not taken this quiz